Kids on the street / Carl R. Resener & Judy Hall (Registro nro. 39618)
[ vista simple ]
| 000 -LÍDER | |
|---|---|
| Campo fijo de descripción fija | 003380000a22001450004500 |
| 020 ## - NÚMERO INTERNACIONAL NORMALIZADO PARA LIBROS | |
| Número Internacional Normalizado del libro | 0-8054-5091-2 |
| 041 0# - CÓDIGO DE IDIOMA | |
| Código de idioma para texto/pista de sonido o título separado | |
| 082 04 - NÚMERO DE CLASIFICACIÓN DECIMAL DEWEY | |
| Número de clasificación | G 362.7 Res |
| 001 - NÚMERO DE CONTROL | |
| Campo de control | 9764 |
| 100 1# - ASIENTO PRINCIPAL--NOMBRE PERSONAL | |
| Nombre personal | Resener, Carl R. |
| 245 10 - TÍTULO | |
| Título del Material | Kids on the street / Carl R. Resener & Judy Hall |
| 260 ## - PUBLICACIÓN, DISTRIBUCIÓN, ETC. (PIE DE IMPRENTA) | |
| Lugar de publicación, distribución, etc. | Nashville, TN., USA : Broadman |
| 300 ## - DESCRIPCIÓN FÍSICA | |
| Extensión | 207 Pag |
| 942 ## - TIPO DE MATERIAL (KOHA) | |
| Tipo de Item KOHA | Libros General |
No hay ítems disponibles.
